Online
Catalog

El cambio está en tus manos : (Record no. 24117)

MARC details
000 -CABECERA
campo de control de longitud fija 00970nam a2200253 a 4500
001 - NÚMERO DE CONTROL
campo de control 000024624
005 - FECHA Y HORA DE LA ÚLTIMA TRANSACCIÓN
campo de control 20240527191033.0
008 - DATOS DE LONGITUD FIJA--INFORMACIÓN GENERAL
campo de control de longitud fija 110127s1996 mx a r 000 | spa d
020 ## - NÚMERO INTERNACIONAL ESTÁNDAR DEL LIBRO
Número Internacional Estándar del Libro 9688807540
040 ## - FUENTE DE LA CATALOGACIÓN
Centro catalogador/agencia de origen DO-SdBNP
Lengua de catalogación spa
Centro/agencia transcriptor BNPHU
082 ## - NÚMERO DE LA CLASIFICACIÓN DECIMAL DEWEY
Número de clasificación 658
Número de documento/Ítem S642c
100 1# - ENTRADA PRINCIPAL--NOMBRE DE PERSONA
Nombre de persona Smith, Douglas K.
9 (RLIN) 50496
240 01 - TÍTULO UNIFORME
Título uniforme Taking charge of change.
Lenguaje de la obra Español
245 13 - MENCIÓN DE TÍTULO
Título El cambio está en tus manos :
Resto del título los diez principios fundamentales para lograr el éxito de tu empresa /
Mención de responsabilidad, etc. Douglas K. Smith ; traducción Esther Fernández Alvarado.
260 ## - PUBLICACIÓN, DISTRIBUCIÓN, ETC.
Lugar de publicación, distribución, etc. México D. F. :
Nombre del editor, distribuidor, etc. Prentice-Hall Hispanoamericana,
Fecha de publicación, distribución, etc. 1996.
300 ## - DESCRIPCIÓN FÍSICA
Extensión ix, 304 p. :
Otras características físicas il. ;
Dimensiones 23 cm.
534 ## - NOTA SOBRE LA VERSIÓN ORIGINAL
Encabezamiento principal del original Título de la obra en inglés:
Mención de título del original Taking charge of change
500 ## - NOTA GENERAL
Nota general Incluye índice : p. 295-304
650 #4 - PUNTO DE ACCESO ADICIONAL DE MATERIA--TÉRMINO DE MATERIA
Término de materia o nombre geográfico como elemento de entrada Cambio organizacional
9 (RLIN) 27674
650 #0 - PUNTO DE ACCESO ADICIONAL DE MATERIA--TÉRMINO DE MATERIA
Término de materia o nombre geográfico como elemento de entrada Administración
9 (RLIN) 20440
650 #4 - PUNTO DE ACCESO ADICIONAL DE MATERIA--TÉRMINO DE MATERIA
Término de materia o nombre geográfico como elemento de entrada Planificación
9 (RLIN) 15996
650 #4 - PUNTO DE ACCESO ADICIONAL DE MATERIA--TÉRMINO DE MATERIA
Término de materia o nombre geográfico como elemento de entrada Organización
9 (RLIN) 33899
700 1# - PUNTO DE ACCESO ADICIONAL--NOMBRE DE PERSONA
Nombre de persona Fernández Alvarado, Esther
Término indicativo de función/relación tr.
9 (RLIN) 50497
Holdings
Estado de retiro Estado de pérdida Restricciones de uso No para préstamo Código de colección Localización permanente Ubicación/localización actual Ubicación en estantería Fecha de adquisición Número de inventario Total de préstamos Signatura topográfica completa Código de barras Fecha visto por última vez Precio válido a partir de Tipo de ítem Koha Número de copia
      Excluido de préstamo Monografías: Libros y Folletos General General Depósito 01.02.2011 LF1   658 S642c 24624-10 25.06.2020 25.06.2020 No se presta  
  Extraviado   Excluido de préstamo Monografías: Libros y Folletos General General Extraviado 29.05.2017 LF1   658 S642c 24624-20 25.06.2020 25.06.2020 No se presta e. 2

Powered by Koha